000 00207 a2200097 4500
001 29014
100 _aGee J
245 _aMirage warplane for the world
260 _a
_bMacdonald
_c
090 _c19386
_d19386
942 _aNUST-CAE
_cM
_c10431
999 _c264087
_d264087